000 00461nam a2200157Ia 4500
008 240729s9999 xx 000 0 und d
022 _a2090-0880
245 0 _aEgyptian Academic Journal of Biological Sciences. G, Microbiology
260 _aEgypt
260 _bEgyptian Society of Biological Sciences
650 _a Microbiology
650 _aScience
856 _uhttps://doaj.org/toc/b8835aa90c874645bf9610c59d2ec0d4
942 _2ddc
942 _cDOAJEJ
999 _c67878
_d67878
945 _a1
_bMadushi Gamage
_c1
_dMadushi Gamage